| 000 | 00594nam a2200193Ia 4500 | ||
|---|---|---|---|
| 003 | GCL | ||
| 008 | 140319s9999 xx 000 0 ara d | ||
| 040 |
_aGCL / _cGCL |
||
| 082 | 0 | 4 |
_a953.8 _bح ت |
| 100 | 1 | _aحسين خلف الشيخ خزعل | |
| 245 | 1 | 0 |
_aتاريخ الكويت السياسى / _cحسين خلف الشيخ خزعل |
| 260 |
_a[S.N] : _bدار مكتبةالهلال |
||
| 490 | _a | ||
| 650 | 0 | 4 | _aالكويت |
| 650 | 0 | 4 | _aالتاريخ الاسلامى |
| 650 | 0 | 4 | _aالتاريخ السياسى |
| 650 | 0 | 4 | _aالحدود السياسية |
| 942 |
_2ddc _cBK |
||
| 999 |
_c34639 _d34639 |
||